La culture Générale en 10 questions #1 - Statistiques

Statistiques générales
  • Ce quiz a été pris 228 fois
  • Le résultat moyen est 6 sur 10
Statistiques - réponses
Hint Réponse % Correct
Combien de côtés a un triangle ? Trois
93%
Quel est le nom du plus grand désert chaud du monde ? Sahara
90%
Combien de continents y a-t-il sur Terre ? Sept
88%
Quelle langue est la plus parlée dans le monde ? Mandarin
86%
Quelle planète du système solaire est la plus proche du Soleil ? Mercure
81%
Quel est le nom de la monnaie utilisée au Royaume-Uni ? Livre Sterling
78%
Quel est le sport national au Japon ? Sumo
56%
Quelle ville est connue comme "la ville aux mille ponts" ? Amsterdam
23%
Quel métal est utilisé pour fabriquer les instruments de musique à vent comme la trompette ? Laiton
17%
Quel est le terme désignant l’étude des papillons ? lépidoptérologie
2%
Aucun quiz correspondant
Distribution des résultats
% des personnes avec chaque résultat
Percentile par nombre de réponses
Votre historique - résultats
Vous n’avez pas pris ce quiz